Estadísticas para Estaciones del Metro de Sevilla

Haz click aquí para intentar la prueba.

Estadísticas generales

  • Esta prueba ha sido intentada 105 veces
  • La puntuación promedio es 16 de 22

Estadísticas de respuestas

Estaciones% Correcto
NerviónConexión con Tranvía (Metrocentro)
94%
San BernardoConexión con Cercanías Renfe y Tranvía (MetroCentro)
89%
Montequinto
82%
Prado de San SebastiánConexión con Tranvía (Metrocentro) (Futuro enlace con L3 de Metro de Sevilla)
82%
Ciudad ExpoCabecera 1
80%
Plaza de Cuba
80%
San Juan Alto
80%
San Juan Bajo
80%
Puerta de JerezConexión con Tranvía (Metrocentro)
77%
Pablo de Olavide
76%
Parque de los Príncipes
74%
Amate
73%
Blas Infante
73%
Condequinto
70%
Olivar de QuintosCabecera 2
68%
Cocheras
67%
Gran Plaza
65%
La Plata
62%
Cavaleri
58%
Primero de Mayo(Futuro enlace con L4 de Metro de Sevilla)
56%
Europa
52%
Guadaíra(En Proyecto, futura correspondencia con Cercanías Renfe)
36%

Distribución de puntuación

Porcentaje por número respondido

Porcentaje de gente con cada puntuación

Historial de tus puntuaciones

No has intentado esta prueba.